000 00474cam a2200157 4500500
005 20260329003631.0
041 _afre
042 _adc
100 1 0 _aGoron, Gaëtan
_eauthor
245 0 0 _aMots croisés #22
260 _c2016.
500 _a83
690 _aMots croisés
786 0 _nPhilosophie magazine | 99 | 5 | 2016-05-01 | p. 80-80 | 1951-1787
856 4 1 _uhttps://shs.cairn.info/magazine-philosophie-magazine-2016-5-page-80?lang=fr&redirect-ssocas=7080
999 _c1826264
_d1826264